Los valores y las normas sociales en la escuela: una propuesta didáctica e institucional

Uloženo v:
Podrobná bibliografie
Hlavní autor: Boggino, Norberto (Autor)
Médium: Kniha
Jazyk:španělština
Vydáno: Santa Fe Homo Sapiens 2004
Vydání:2a. ed
Edice:Educación
Témata:
Tagy: Přidat tag
Žádné tagy, Buďte první, kdo vytvoří štítek k tomuto záznamu!

MARC

LEADER 00000nam a2200000 a 4500
001 UCL7633
003 CL-VaPUC
008 040528e20040000AG |||||||||||||||||spa|d
020 |a 9508083670 
082 0 4 |a 306.432  |b BOG  |2 21 
100 0 |a Boggino, Norberto  |e author  |9 485460 
245 1 4 |a Los valores y las normas sociales en la escuela: una propuesta didáctica e institucional 
250 |a 2a. ed 
300 |a 126 p 
942 |c BK 
945 |d 20040528 00:00:00  |a cmena 
260 |a Santa Fe  |b Homo Sapiens  |c 2004 
650 0 |a Sociología de la educación   |9 260380 
650 0 |a Cambio social   |9 256857 
650 0 |a Modelos educacionales  |9 339132 
650 0 |a Calidad de la educación   |9 307271 
650 0 |a Formación profesional de profesores  |9 307493 
650 0 |a Democracia  |9 255256 
583 |a last modification  |c 20040528 00:00:00  |k Rodrigo Vera 
490 0 |a Educación 
999 |c 309265  |d 309263 
952 |0 0  |1 0  |4 0  |6 306_432000000000000_BOG_2004  |7 0  |8 A  |9 376646  |a BIBEDU  |b BIBEDU  |d 2019-11-21  |i 4020421  |o 306.432 BOG 2004  |p 4020421  |r 2019-11-21  |w 2019-11-21  |y BK  |k EDU